Jacobean Drama: An Interpretation (Record no. 396463)

MARC details
000 -LEADER
fixed length control field 00461 a2200181 4500
005 - DATE & TIME
control field 20260409125052.0
008 - FIXED-LENGTH DATA ELEMENTS--GENERAL INFORMATION
fixed length control field 260409b |||||||| |||| 00| 0 eng d
020 ## - ISBN
International Standard Book Number 9780415537780
Price £ 39.99
040 ## - CATALOGING SOURCE
Original cataloging agency VIVEKANANDA LIBRARY
082 ## - DDC NUMBER
Classification number 822.3
Book Number E59J
100 ## - MAIN ENTRY--PERSONAL NAME
Personal name Fermor, Una Ellis
245 ## - TITLE STATEMENT
Title Jacobean Drama: An Interpretation
260 ## - PUBLICATION, DISTRIBUTION, ETC. (IMPRINT)
Name of publisher, distributor, etc Routledge
Place of publication, distribution, etc Oxon
Date of publication, distribution, etc 1936
300 ## - PHYSICAL DESCRIPTION
Pages xviii, 348
650 ## - Subject
Subject English Literature
650 ## - Subject
Subject English Drama
942 ## - ADDED ENTRY ELEMENTS (KOHA)
Koha item type Books
Holdings
Withdrawn status Lost status Source of classification or shelving scheme Damaged status Not for loan Location (home branch) Sublocation or collection (holding branch) Shelving location Date acquired Koha issues (times borrowed) Koha full call number Accession No. Koha date last seen Koha item type
    Dewey Decimal Classification     VIVEKANANDA LIBRARY VIVEKANANDA LIBRARY Vivekananda Library 02/02/2026   822.3 E59J 444768 02/02/2026 Books
© Designed and Maintained by Vivekananda Library, MDU Rohtak